| 000 | 00817nam a2200241Ia 4500 | ||
|---|---|---|---|
| 003 | GCL | ||
| 008 | 140319s9999 xx 000 0 ara d | ||
| 040 |
_aGCL / _cGCL |
||
| 082 | 0 | 4 |
_a322.44 _bح ل |
| 100 | 1 | _aخالد محيى الدين | |
| 245 | 1 | 0 |
_aلهذا نعارض الحكومة / _cخالد محيى الدين |
| 700 | 1 | _aحزب التجمع الوطنى التقدمى الوح | |
| 260 |
_a[S.N] : _bحزب التجمع الوطنى التقدمى ، _c1991 |
||
| 300 | _a186 ص | ||
| 490 |
_aكتاب الاهلى _v0 |
||
| 650 | 0 | 4 | _aالعصر الحديث |
| 650 | 0 | 4 | _aمصر |
| 650 | 0 | 4 | _aتاريخ |
| 650 | 0 | 4 | _aالاحوال السياسية |
| 650 | 0 | 4 | _aالاحزاب السياسية |
| 650 | 0 | 4 | _aمصر - حزب التجمع التقدمى الوحدوى |
| 942 |
_2ddc _cBK |
||
| 999 |
_c32590 _d32590 |
||